Essentials of statistics for the behavioral sciences / (Record no. 5957)
[ view plain ]
| 000 -LEADER | |
|---|---|
| fixed length control field | 01149cam a2200193 a 4500 |
| 020 ## - INTERNATIONAL STANDARD BOOK NUMBER | |
| ISBN | 9781429223263 |
| 020 ## - INTERNATIONAL STANDARD BOOK NUMBER | |
| ISBN | 142922326X |
| 050 00 - CALL NUMBER | |
| Classification number | HA29 |
| Item number | .N776 |
| 100 1# - AUTHOR | |
| Personal name | Nolan, Susan A. |
| 245 10 - TITLE | |
| Title | Essentials of statistics for the behavioral sciences / |
| Statement of responsibility, etc | Susan A. Nolan, Thomas E. Heinzen. |
| 260 ## - PUBLICATION INFORMATION | |
| Place of publication | New York, NY : |
| Name of publisher | Worth Publishers, |
| Year of publication | c2011. |
| 300 ## - DESCRIPTION | |
| Number of Pages | xix, 440, [116] p. : |
| Other physical details | ill. ; |
| Dimensions | 28 cm. |
| 500 ## - NOTES | |
| General note | Includes index |
| 505 ## - FORMATTED CONTENTS NOTE | |
| Table of Content | An introduction to statistics and research design --<br/>Frequency distributions --<br/>Visual displays of data --<br/>Central tendency and variability --<br/>Sampling and probability --<br/>The normal curve, standardization, and z scores --<br/>Hypothesis testing with z tests --<br/>Confidence intervals, effect size, and statistical power --<br/>The single-sample t test and paired-samples t test --<br/>The independent-samples t test --<br/>One-way between-groups and within-groups ANOVA --<br/>Two-way ANOVA --<br/>Correlation --<br/>Regression --<br/>Chi square and other nonparametric tests. |
| 650 #0 - SUBJECTS | |
| Topical Term | Social sciences |
| General subdivision | Statistical methods. |
| 650 #0 - SUBJECTS | |
| Topical Term | Statistical hypothesis testing. |
| 700 1# - OTHER AUTHORS | |
| Personal name | Heinzen, Thomas E. |
| 942 ## - ADDED ENTRY ELEMENTS (KOHA) | |
| Koha item type | Books |
| Withdrawn status | Lost status | Collection code | Home library | Current library | Shelving location | Date acquired | Full call number | Accession Number | Koha item type |
|---|---|---|---|---|---|---|---|---|---|
| Reference | Methodist University Library Main | Methodist University Library Main | General Stacks | 22/05/2014 | HA29 .N776 | 39513 | Books |